000 00511nam a2200181Ia 4500
008 240925s9999 xx 000 0 und d
020 _a136815111
082 _a005.72 GOL
100 _aGoldforb ,Charles F.; Papper, Steve
245 0 _aSGML Buyer's Guide
250 _aNA
260 _aNew Jersey:
_bPrintice- Hall Int.
_c,1998.
300 _axxxviii,396p.
_bNA
_fOriginal
500 _aIncludes Index
600 _aComputer Science
650 _aComputer science, information & general works
942 _cBK
999 _c4876
_d4876